Statistics for 1990s - Tile Select

Click here to take the quiz!

General Stats

  • This quiz has been taken 23 times
  • The average score is 41 of 58

Answer Stats

QuestionTileSelect% Correct
World leaders who held office (as 'head of state') during the 1990sFrancisco FrancoNo
96%
World leaders who held office (as 'head of state') during the 1990sMao ZedongNo
96%
Scientific discoveries/advancements of the 1990sPluto is demoted to a dwarf planetNo
91%
Movies released during the 1990sPulp FictionYes
91%
Movies released during the 1990sTitanicYes
91%
Movies released during the 1990sBack to the FutureNo
87%
Movies released during the 1990sBeetlejuiceNo
87%
Movies released during the 1990sE.T. the Extra-TerrestrialNo
87%
Movies released during the 1990sForrest GumpYes
87%
World leaders who held office (as 'head of state') during the 1990sPope Benedict XVINo
87%
Movies released during the 1990sThe Breakfast ClubNo
87%
Team/individual which won a championship(s) during the 1990sUsain Bolt (Olympics)No
87%
World leaders who held office (as 'head of state') during the 1990sGeorge H. W. BushYes
83%
World leaders who held office (as 'head of state') during the 1990sRonald ReaganNo
83%
Movies released during the 1990sSilence of the LambsYes
83%
Countries that gained independence during the 1990sVatican CityNo
83%
Countries that gained independence during the 1990sCroatiaYes
78%
Movies released during the 1990sDie HardNo
78%
World leaders who held office (as 'head of state') during the 1990sNelson MandelaYes
78%
Countries that gained independence during the 1990sSeychellesNo
78%
World leaders who held office (as 'head of state') during the 1990sTony BlairYes
78%
Movies released during the 1990sToy StoryYes
78%
Countries that gained independence during the 1990sDjiboutiNo
74%
World leaders who held office (as 'head of state') during the 1990sFidel CastroYes
74%
World leaders who held office (as 'head of state') during the 1990sGeorge W. BushNo
74%
Team/individual which won a championship(s) during the 1990sItaly (World Cup)No
74%
Movies released during the 1990sShrekNo
74%
Team/individual which won a championship(s) during the 1990sCardinals (MLB)No
70%
Scientific discoveries/advancements of the 1990sFirst successful in vitro fertilization birthNo
70%
Movies released during the 1990sHarry Potter and the Philosopher's StoneNo
70%
Scientific discoveries/advancements of the 1990sInternational Space Station is launchedYes
70%
World leaders who held office (as 'head of state') during the 1990sMikhail GorbachevYes
70%
Movies released during the 1990sThe Lion KingYes
70%
Movies released during the 1990sThe Little MermaidNo
70%
Scientific discoveries/advancements of the 1990sDolly the Sheep is clonedYes
65%
Movies released during the 1990sHome AloneYes
65%
Team/individual which won a championship(s) during the 1990sSerena Williams (Wimbledon)No
65%
Team/individual which won a championship(s) during the 1990sTiger Woods (PGA)Yes
65%
Team/individual which won a championship(s) during the 1990sBrazil (World Cup)Yes
61%
Team/individual which won a championship(s) during the 1990sBulls (NBA)Yes
61%
Scientific discoveries/advancements of the 1990sCreation of the InternetNo
61%
Countries that gained independence during the 1990sEast TimorNo
61%
Countries that gained independence during the 1990sEritreaYes
61%
Scientific discoveries/advancements of the 1990sFirst probe landing on MarsNo
61%
Scientific discoveries/advancements of the 1990sHubble telescope is launchedYes
61%
Team/individual which won a championship(s) during the 1990sPatriots (NFL)No
61%
Movies released during the 1990sGoldenEyeYes
57%
Countries that gained independence during the 1990sKosovoNo
57%
Team/individual which won a championship(s) during the 1990sLakers (NBA)No
57%
World leaders who held office (as 'head of state') during the 1990sPierre TrudeauNo
57%
Countries that gained independence during the 1990sArmeniaYes
52%
Team/individual which won a championship(s) during the 1990sCowboys (NFL)Yes
52%
Scientific discoveries/advancements of the 1990sHuman Genome Project is completedNo
52%
Scientific discoveries/advancements of the 1990sInvention of the DVD playerYes
48%
Team/individual which won a championship(s) during the 1990sUSA (Women's World Cup)Yes
43%
Countries that gained independence during the 1990sPalauYes
39%
Team/individual which won a championship(s) during the 1990sPenguins (NHL)Yes
35%
World leaders who held office (as 'head of state') during the 1990sLee Kuan YewYes
26%

Score Distribution

Percentile by Number Answered

Percent of People with Each Score

Your Score History

You have not taken this quiz